Statistics for All train stations in East Yorkshire

Click here to take the quiz!

General Stats

  • This quiz has been taken 11 times
  • The average score is 15 of 21

Answer Stats

GroupAnswer% Correct
Yorkshire Coast lineBeverley
100%
Yorkshire Coast lineBridlington
90%
Yorkshire Coast lineDriffield
90%
Selby lineHessle
90%
Selby lineHull
90%
Hull & Doncaster branch lineGoole
80%
Selby lineHowden
80%
Yorkshire Coast lineBempton
70%
Selby lineBrough
70%
Yorkshire Coast lineCottingham
70%
Selby lineFerriby
70%
Selby lineBroomfleet
60%
Selby lineEastrington
60%
Selby lineGilberdyke
60%
Yorkshire Coast lineNafferton
60%
Hull & Doncaster branch lineSaltmarshe
60%
Yorkshire Coast lineArram
50%
Yorkshire Coast lineHutton Cranswick
50%
Pontefract lineRawcliffe
50%
Pontefract lineSnaith
50%
Selby lineWressle
50%

Score Distribution

Percentile by Number Answered

Percent of People with Each Score

Your Score History

You have not taken this quiz